Central Library OPAC University of Rajshahi

Productivity and efficiency in distribution systems / (Record no. 15887)

MARC details
000 -LEADER
fixed length control field 00818cam a2200265 a 4500
001 - CONTROL NUMBER
control field 15887
003 - CONTROL NUMBER IDENTIFIER
rucl marc code BD-RjUL
005 - DATE AND TIME OF LATEST TRANSACTION
control field 20211208235914.0
008 - FIXED-LENGTH DATA ELEMENTS--GENERAL INFORMATION
fixed length control field 140211s1983 nyua b 001 0 eng
020 ## - INTERNATIONAL STANDARD BOOK NUMBER
International Standard Book Number 0444007350 :
035 ## - SYSTEM CONTROL NUMBER
System control number (BD-RjUL)15942
040 ## - CATALOGING SOURCE
Original cataloging agency DLC
Transcribing agency DLC
Modifying agency DLC
-- OCoLC
-- BD-RjUL
Language of cataloging eng
041 ## - LANGUAGE CODE
Language code of text/sound track or separate title eng
082 00 - DEWEY DECIMAL CLASSIFICATION NUMBER
Classification number 658.8
Edition number 19
Author mark and year PRO 1983
245 00 - TITLE STATEMENT
Title Productivity and efficiency in distribution systems /
Statement of responsibility, etc. edited by David A. Gautschi.
260 ## - PUBLICATION, DISTRIBUTION, ETC. (IMPRINT)
Place of publication, distribution, etc. New York :
Name of publisher, distributor, etc. North-Holland,
Date of publication, distribution, etc. c1983.
300 ## - PHYSICAL DESCRIPTION
Pagination xiv, 234 p. :
Illustrations ill. ;
Size 24 cm.
504 ## - BIBLIOGRAPHY, ETC. NOTE
Bibliography, etc Includes bibliographies and index.
650 #0 - SUBJECT ADDED ENTRY--TOPICAL TERM
Topical term or geographic name as entry element Physical distribution of goods.
9 (RLIN) 49262
Topical term or geographic name as entry element Industrial productivity.
9 (RLIN) 9251
700 1# - ADDED ENTRY--PERSONAL NAME
Personal name Gautschi, David A.
942 ## - ADDED ENTRY ELEMENTS (KOHA)
Source of classification or shelving scheme Dewey Decimal Classification
Koha item type Books
Holdings
Lost status Source of classification or shelving scheme Damaged status Not for loan Collection code Permanent Location Current Location Shelving location Date acquired Source of acquisition Cost, normal purchase price Total Checkouts Full call number Date last seen Copy number Koha item type
  Dewey Decimal Classification     Non-fiction Central Library, University of Rajshahi Central Library, University of Rajshahi   28/12/1986 Toppan 94.60   658.8 PRO 1983 11/02/2014 C-2 Books
  Dewey Decimal Classification   Not For Loan Non-fiction Central Library, University of Rajshahi Central Library, University of Rajshahi Reading Room 28/12/1986 Tuppan 94.60   658.8 PRO 1983 19/01/2017 C-1 Books